000 00316nam a22001337a 4500
008 170411b xxu||||| |||| 00| 0 eng d
020 _a9780683307696
041 _aeng
080 _29TH
_a612.39
100 _a10
101 _aSHM
245 _aMODERN NUTRITION IN HEALTH AND DISEASE
_cSHILS, M.E
942 _2udc
_cBK
999 _c10409
_d10409